Responses for Show #4747 - Tuesday, April 5, 2005

2005 Ultimate Tournament of Champions Round 1, game 40.

Contestants

[<< previous game]

Dave Willis, a business manager from Ventura, California

Andrew Hutchings, a graduate student from Ithaca, New York

Lan Djang, a health policy analyst from Toronto, Ontario, Canada

[next game >>]

Jeopardy! Round responses

FIRST LADIES' TERMS OF SERVICE
(Alex: We're going to need the first and the last name, please.)
CLASSIC SONGS' FIRST LINES
GOING BUGGY
ROPE-POURRI
SWEET VIRGINIA
TREE-LETTER WORDS
(Alex: All the responses will be a word within which you can find the name of a tree.)
    $200 1
Mary Todd Lincoln

Dave
    $200 23
(Andrew: What is... "Rollin' On The River"?)
(Dave: What is "Rollin' Down The River"?)

"Proud Mary"

AndrewDave
Triple Stumper
    $200 2
termites

Andrew
    $200 6
tug-of-war

Lan
    $200 21
Virginia City

Dave
    $200 11
a flash

Dave
    $400 7
Rosalynn Carter

Lan
    $400 27
"Respect"

Andrew
    $400 3
a stinkbug

Andrew
    $400 17
double-Dutch skipping

Lan
    $400 22
Billie Jean King

Lan
    $400 12
Elmo

Dave
    $600 8
Abigail Adams

Lan
    $600 28
(Alex: Gloria Gaynor song, yes.)

"I Will Survive"

Lan
    $600 4
a cockroach

Andrew
    $600 18
the honda

Triple Stumper
    $600 24
Virginia Beach

Dave
    $600 13
cloak

Andrew
    $800 9
Lucy Hayes

Triple Stumper
    $800 29
(Alex: Yes, Chuck Berry.)

"Johnny B. Goode"

Andrew
    $800 5
a tick

Dave
    $2,000 19
hemp

Lan
    $800 25
Virginia Woolf

Andrew
    $800 14
spine

Lan
    $1000 10
Ida McKinley

Triple Stumper
    $1000 30
(Alex: Good! By Queen.)

"Bohemian Rhapsody"

Andrew
    $1000 16
a wasp

Andrew
    $1000 20
the noose

Triple Stumper
    $1000 26
the Merrimack

Dave
    $1000 15
palmistry

Andrew

Scores at the first commercial break (after clue 15):

Lan Andrew Dave
$2,000 $2,800 $1,600

Scores at the end of the Jeopardy! Round:

Lan Andrew Dave
$5,400 $6,600 $3,200

Double Jeopardy! Round responses

(Alex: You have to name the country with...)
SECOND-LARGEST CITIES
YOU SLEIGH ME
THEATRE
CROSSWORD CLUES "F"
I REMEMBER...
I FORGET
    $400 1
Afghanistan

Lan
    $400 28
"Jingle Bells"

Lan
    $400 30
(Humphrey) Bogart

Lan
    $400 27
Frugal

Lan
    $400 6
height

Andrew
    $400 11
name

Lan
    $800 2
Portugal

Lan
    $800 29
a Malamute

Andrew
    $1,500 26
(Lan: Um... What are, uh, Postcards from the Edge?)

Love Letters

Lan
    $800 23
faculty

Lan
    $800 7
cod

Dave
    $800 22
a taxicab

Andrew
    $1200 3
Iraq

Lan
    $1200 24
luge

Andrew
    $1200 25
Mousetrap

Lan
    $1200 17
fondue

Lan
    $1200 8
(Alex: She's big in the fashion world. Diane [*]. That's the family she married into.)

von Furstenberg

Triple Stumper
    $1200 14
Gettysburg

Lan
    $1600 4
South Africa

Lan
    $1600 20
Currier & Ives

Lan
    $1600 18
Separate Tables

Triple Stumper
    $1600 15
flatware

Andrew
    $1600 9
Madeleine Albright

Lan
    $1600 12
the Iran-Contra scandal

Lan
    $2,500 5
Indonesia

Lan
    $2000 21
(Alex: Yes, and I wanted to see Sarah go down the bobsled run, and we didn't get to see that!)

g-forces

Dave
    $2000 19
(Alex: Big vehicle for Humphrey Bogart, [*].)

The Petrified Forest

Triple Stumper
    $2000 16
Fort

Triple Stumper
    $2000 10
(Alex: The Pearl by [*].)

John Steinbeck

Triple Stumper
    $2000 13
the Lethe

Andrew

Scores at the end of the Double Jeopardy! Round:

Lan Andrew Dave
$21,200 $13,400 $6,000

[wagering suggestions for these scores]

Final Jeopardy! Round responses

HISTORIC PLACES
(Alex: And I believe I'd be correct in saying that this event took place before all of you were born.)
...
(Alex: [To Dave] Sorry, that is wrong. And I'll tell you why in a minute.)
...
(Alex: [Reading Andrew's illegible response] "What is Peter Nero"?)
[Laughter]
(Alex: That, too, is wrong.)
...
(Alex: [To Lan] Yes, we were looking for the 2-word area--the beach--named for the U.S. city.)
DaveWhat is Omaha
$6,000
AndrewWhat is Pearl Harbor
$11,400
LanWhat is Omaha Beach?
$5,650
Omaha Beach

Final scores:

Lan Andrew Dave
$26,850 $2,000 $0
Winner: $26,850 + an advance to UToC Round 2 2nd place: $5,000 3rd place: $5,000

Game dynamics:

Coryat scores:

Lan Andrew Dave
$21,000 $13,400 $6,000
24 R
(including 2 DDs),
1 W
(including 1 DD)
16 R,
1 W
9 R,
1 W

Combined Coryat: $40,400

[game clues] [game scores] [suggest correction]

Game tape date: 2005-03-02
The J! Archive is created by fans, for fans. Scraping, republication, monetization, and malicious use prohibited; this site may use cookies and collect identifying information. See terms. The Jeopardy! game show and all elements thereof, including but not limited to copyright and trademark thereto, are the property of Jeopardy Productions, Inc. and are protected under law. This website is not affiliated with, sponsored by, or operated by Jeopardy Productions, Inc. Join the discussion at JBoard.tv.